Loading...
| History - European History | 0 | 7 | 0 | 2 | 70 | 100 | 124.14 | 0 | 0 |
| Literature - World Literature | 0 | 6 | 1 | 2 | 55 | 118 | 138.33 | 0 | 0 |
| Fine Arts - Other Fine Arts | 0 | 5 | 0 | 0 | 50 | 84 | 118.20 | 0 | 1 |
| Religion | 0 | 5 | 1 | 1 | 45 | 96 | 118.40 | 0 | 1 |
| History - Other History | 0 | 5 | 1 | 1 | 45 | 98 | 115.80 | 0 | 1 |
| History - World History | 0 | 5 | 2 | 0 | 40 | 97 | 115.20 | 0 | 1 |
| Literature - European Literature | 0 | 3 | 0 | 0 | 30 | 124 | 138.00 | 0 | 0 |
| Fine Arts - Classical Music | 0 | 3 | 1 | 1 | 25 | 112 | 127.00 | 0 | 0 |
| Literature - American Literature | 0 | 2 | 0 | 0 | 20 | 144 | 150.50 | 0 | 0 |
| History - American History | 0 | 2 | 0 | 0 | 20 | 107 | 116.00 | 0 | 0 |
| Social Science | 0 | 1 | 0 | 0 | 10 | 118 | 118.00 | 0 | 0 |
| Fine Arts - Painting & Sculpture | 0 | 1 | 0 | 0 | 10 | 124 | 124.00 | 0 | 0 |
| Current Events | 0 | 1 | 0 | 0 | 10 | 122 | 122.00 | 0 | 0 |
| Literature - British Literature | 0 | 1 | 1 | 0 | 5 | 159 | 159.00 | 0 | 0 |
| Mythology | 0 | 1 | 1 | 0 | 5 | 116 | 116.00 | 0 | 0 |
| Science - Physics | 0 | 0 | 0 | 0 | 0 | 0.00 | 0 | 0 | |
| Science - Other Science | 0 | 0 | 1 | 0 | -5 | 0.00 | 0 | 0 |